000 00316 a2200145 4500
001 169678
020 _a
040 _cMagnum
100 _aMinisterio da Educacao e Cultura
240 1 0 _aEnsino fundamental - v.1
_lpor
245 1 0 _aEnsino fundamental - v.1
362 0 _a1899
697 _aENSINO
942 _cBK
999 _c169678
_d169678